<?xml version="1.0" encoding="UTF-8"?>
<record
    xmlns:xsi="http://www.w3.org/2001/XMLSchema-instance"
    xsi:schemaLocation="http://www.loc.gov/MARC21/slim http://www.loc.gov/standards/marcxml/schema/MARC21slim.xsd"
    xmlns="http://www.loc.gov/MARC21/slim">

  <leader>02240agaaa2200337   4500</leader>
  <controlfield tag="001">8117</controlfield>
  <controlfield tag="003">IT-RoPAU</controlfield>
  <controlfield tag="005">20220918181230.0</controlfield>
  <controlfield tag="007">d cvaizq</controlfield>
  <controlfield tag="008">50131s9999||||xx ||| |     ||   ||und||</controlfield>
  <datafield tag="040" ind1=" " ind2=" ">
    <subfield code="a">IT-RoPAU</subfield>
    <subfield code="c">IT-RoPAU</subfield>
  </datafield>
  <datafield tag="041" ind1=" " ind2=" ">
    <subfield code="a">ITALIANO</subfield>
  </datafield>
  <datafield tag="100" ind1=" " ind2=" ">
    <subfield code="a">Von Trotta Margarethe</subfield>
    <subfield code="g">Codice regista SPICS: 13333</subfield>
    <subfield code="9">40401</subfield>
  </datafield>
  <datafield tag="130" ind1=" " ind2=" ">
    <subfield code="a">ANNI DI PIOMBO</subfield>
    <subfield code="9">40402</subfield>
  </datafield>
  <datafield tag="240" ind1=" " ind2=" ">
    <subfield code="a">BLEIERNE ZEIT (DIE)</subfield>
    <subfield code="g">T2177</subfield>
  </datafield>
  <datafield tag="245" ind1=" " ind2=" ">
    <subfield code="a">ANNI DI PIOMBO</subfield>
    <subfield code="c">Prodotto da: Junkersdorf Eberhard -- Sceneggiatura: Von Trotta Margarethe -- Diretto da: Von Trotta Margarethe</subfield>
    <subfield code="p">ANNI DI PIOMBO (Rif. Codice opera principale : H8117)</subfield>
  </datafield>
  <datafield tag="246" ind1=" " ind2=" ">
    <subfield code="a">BLEIERNE ZEIT (DIE)</subfield>
  </datafield>
  <datafield tag="250" ind1=" " ind2=" ">
    <subfield code="a">Edizione Standard</subfield>
  </datafield>
  <datafield tag="260" ind1=" " ind2=" ">
    <subfield code="a">(GERMANIA)</subfield>
    <subfield code="b">BIOSKOP FILM / Distribuzione: MULTIMEDIA SAN PAOLO</subfield>
    <subfield code="g">"1981 (1&#xB0; ed.: 2008 ; Ed. Lingua Orig.: 1981)"</subfield>
  </datafield>
  <datafield tag="300" ind1=" " ind2=" ">
    <subfield code="a">DVD</subfield>
    <subfield code="b">sonoro, col.</subfield>
    <subfield code="c">106 minuti</subfield>
  </datafield>
  <datafield tag="508" ind1=" " ind2=" ">
    <subfield code="a">"Fotografia: Rath Franz; Montaggio: Hirtz Dagmar; Musica: Economou Nicolas; Sceneggiatura: Von Trotta Margarethe; Scenografia: Klot Barbara; "</subfield>
  </datafield>
  <datafield tag="511" ind1=" " ind2=" ">
    <subfield code="a">"Sukova Barbara; Vogler Rudiger; Anna Steinmann; Lampe Jutta; Bondy Luc; Czenki Margit"</subfield>
  </datafield>
  <datafield tag="520" ind1=" " ind2=" ">
    <subfield code="a">"JULIANE E MARIANNE KLEIN SONO FIGLIE D'UN SEVERO PASTORE PROTESTANTE. JULIANE LAVORA IN UN GIORNALE FEMMINISTA E FA POLITICA; MARIANNE INVECE SI UNISCE AD UN GRUPPO TERRORISTICO ED ENTRA IN CLANDESTINITA'DOPO QUALCHE ANNO MARIANNE VIENE ARRESTATA E POCO DOPO MUORE. SUICIDA, DICONO LE AUTORITA' CARCERARIE. JULIANE NON CI CREDE E DIMOSTRA CHE LA SORELLA E' STATA UCCISA. OFFRE IL MATERIALE A UN GIORNALE MA SI SENTE DIRE CHE QUEI TEMI SONO SUPERATI DA ALTRI EVENTI. TORNA A CASA E DECIDE DI OCCUPARSI DEL FIGLIO DI MARIANNE,UN ORFANO CHE LA SOCIETA' HA GIA' SOTTOPOSTO A MOLTE PROVE. LEONE D'ORO ALLA MOSTRA DEL CINEMA DI VENEZIA 1981; DAVID DI DONATELLO MIGLIOR REGISTA STRANIERO 1982. TERRORISMO."</subfield>
  </datafield>
  <datafield tag="538" ind1=" " ind2=" ">
    <subfield code="a">PAL, STEREO</subfield>
  </datafield>
  <datafield tag="546" ind1=" " ind2=" ">
    <subfield code="a">ITALIANO</subfield>
  </datafield>
  <datafield tag="650" ind1=" " ind2=" ">
    <subfield code="a">DRAMMATICO</subfield>
    <subfield code="e">DVD-FILM [DVD]</subfield>
    <subfield code="x">Codice MATERIA SPICS: 9947</subfield>
    <subfield code="9">40403</subfield>
  </datafield>
  <datafield tag="700" ind1=" " ind2=" ">
    <subfield code="a">Economou Nicolas</subfield>
    <subfield code="e">(musica)</subfield>
    <subfield code="g">Codice Musica SPICS: 7345</subfield>
    <subfield code="9">40404</subfield>
  </datafield>
  <datafield tag="700" ind1=" " ind2=" ">
    <subfield code="a">Von Trotta Margarethe </subfield>
    <subfield code="e">(regista)</subfield>
    <subfield code="g">Codice regista SPICS: 13333</subfield>
    <subfield code="9">40405</subfield>
  </datafield>
  <datafield tag="700" ind1=" " ind2=" ">
    <subfield code="a">Von Trotta Margarethe </subfield>
    <subfield code="e">(soggetto)</subfield>
    <subfield code="g">Codice Soggetto SPICS: 13333</subfield>
    <subfield code="9">40406</subfield>
  </datafield>
  <datafield tag="942" ind1=" " ind2=" ">
    <subfield code="c">DV</subfield>
    <subfield code="2">ddc</subfield>
  </datafield>
  <datafield tag="999" ind1=" " ind2=" ">
    <subfield code="c">105260</subfield>
    <subfield code="d">105260</subfield>
  </datafield>
  <datafield tag="952" ind1=" " ind2=" ">
    <subfield code="0">0</subfield>
    <subfield code="1">0</subfield>
    <subfield code="4">0</subfield>
    <subfield code="6">H_8117_000000000000000</subfield>
    <subfield code="7">1</subfield>
    <subfield code="a">SPICS</subfield>
    <subfield code="b">SPICS</subfield>
    <subfield code="d">2015-01-31</subfield>
    <subfield code="l">0</subfield>
    <subfield code="o">H8117</subfield>
    <subfield code="r">2015-01-31 00:00:00</subfield>
    <subfield code="w">2015-01-31</subfield>
    <subfield code="y">DV</subfield>
    <subfield code="z">Progr. Ins.: 3675 / N.Vol.:1 / Copie: 1 / Pag.:0 / Copia rara: n.d. / date import: 1.2.2015 / By Epidotti, Trombetti, Vaglietti</subfield>
  </datafield>
</record>
